Normal view
MARC view
- Dávila Galindo Olivares, Manuel,
Entry Nombre Personal
001 - NUMERO DE CONTROL
- campo de control: 38984
003 - IDENTIFICADOR DE NUMERO DE CONTROL
- campo de control: UPN
005 - FECHA Y HORA DE LA ÜLTIMA TRANSACCIÓN
- campo de control: 20210219194541.0
008 - DATOS DE LONGITUD FIJA
- campo de control de longitud fija: nabaccnnaabn|||||||||| b |nc|||||d
035 ## - NUMERO DE CONTROL
- Número de control: UPN11000011091
040 ## - FUENTE DE CATALOGACIÓN
- Lenguaje de catalogación: SPA
- Agencia de transcripción: UPN
100 1# - ENCABEZAMIENTO - NOMBRE PERSONAL
- Nombre personal: Dávila Galindo Olivares, Manuel,
- Fechas asociadas con el nombre: 1980-
670 ## - FUENTE EN LA QUE SE LOCALIZARON DATOS
- Cita de la fuente: T
- Uniform Resource Identifier: http://www.cultura.gob.mx/libroelectronico/participantes.php?q=5
680 ## - NOTA PUBLICA DE ACCESO PÚBLICO
- Frase explicativa de la referencia: Escritor, editor y traductor mexicano
902 ## - CATALOGADOR
- Catalogador: CAA/250816
